<?xml version="1.0" encoding="UTF-8"?>
<record
    xmlns:xsi="http://www.w3.org/2001/XMLSchema-instance"
    xsi:schemaLocation="http://www.loc.gov/MARC21/slim http://www.loc.gov/standards/marcxml/schema/MARC21slim.xsd"
    xmlns="http://www.loc.gov/MARC21/slim">

  <leader>00670nam a22002057a 4500</leader>
  <datafield tag="952" ind1=" " ind2=" ">
    <subfield code="a">0001</subfield>
    <subfield code="b">0001</subfield>
    <subfield code="d">2021-12-03</subfield>
    <subfield code="l">0</subfield>
    <subfield code="o">ATA 956.1024 G62a 2019</subfield>
    <subfield code="p">020149</subfield>
    <subfield code="r">2021-12-03 00:00:00</subfield>
    <subfield code="w">2021-12-03</subfield>
    <subfield code="y">BKS</subfield>
  </datafield>
  <datafield tag="999" ind1=" " ind2=" ">
    <subfield code="c">14657</subfield>
    <subfield code="d">14657</subfield>
  </datafield>
  <controlfield tag="003">MIRAKIL</controlfield>
  <controlfield tag="005">20211203144419.0</controlfield>
  <controlfield tag="008">211203b        tu ||||| |||| 00| 0 tur d</controlfield>
  <datafield tag="020" ind1=" " ind2=" ">
    <subfield code="a">9786056944895</subfield>
  </datafield>
  <datafield tag="040" ind1=" " ind2=" ">
    <subfield code="a">TR-AnCHP</subfield>
    <subfield code="c">TR-AnCHP</subfield>
  </datafield>
  <datafield tag="041" ind1=" " ind2=" ">
    <subfield code="a">tur</subfield>
  </datafield>
  <datafield tag="082" ind1=" " ind2=" ">
    <subfield code="a">ATA 956.1024</subfield>
    <subfield code="b">G62a 2019</subfield>
  </datafield>
  <datafield tag="100" ind1=" " ind2=" ">
    <subfield code="a">Granda, Cemal</subfield>
  </datafield>
  <datafield tag="245" ind1="1" ind2="0">
    <subfield code="a">Atat&#xFC;rk'&#xFC;n u&#x15F;a&#x11F;&#x131;n&#x131;n gizli defteri / </subfield>
    <subfield code="c">Cemal Granda </subfield>
  </datafield>
  <datafield tag="260" ind1=" " ind2=" ">
    <subfield code="a">Ankara:</subfield>
    <subfield code="b">Yade Kitap,</subfield>
    <subfield code="c">2019.</subfield>
  </datafield>
  <datafield tag="300" ind1=" " ind2=" ">
    <subfield code="a">387 s.:</subfield>
    <subfield code="b">fotg.;</subfield>
    <subfield code="c">21 sm.</subfield>
  </datafield>
  <datafield tag="490" ind1="0" ind2=" ">
    <subfield code="a">Yade Yay&#x131;nlar&#x131;;</subfield>
    <subfield code="a">Atat&#xFC;rk Kitaplar&#x131;;</subfield>
    <subfield code="v">63.</subfield>
    <subfield code="v">1.</subfield>
  </datafield>
  <datafield tag="600" ind1="1" ind2="4">
    <subfield code="9">1465</subfield>
    <subfield code="a">Atat&#xFC;rk, Gazi Mustafa Kemal</subfield>
    <subfield code="c">T&#xFC;rkiye Cumhuriyeti Kurucusu</subfield>
    <subfield code="d">1881-1938</subfield>
    <subfield code="x">Ya&#x15F;am&#xF6;yk&#xFC;s&#xFC;</subfield>
  </datafield>
  <datafield tag="942" ind1=" " ind2=" ">
    <subfield code="2">ddc</subfield>
    <subfield code="c">BKS</subfield>
  </datafield>
</record>
